00194nam a22000977a 4500003000400000082001400004100001800018245002000036260003200056300000800088SGT a823bZUS  aZUSAK MARKUS  aTHE BOOK THIEF  aLONDON bPENGUIN PUB c2016 a209